Manchester United Players 2024 - Statistics

General Stats
  • This quiz has been taken 62 times
  • The average score is 13 of 20
Answer Stats
Hint Answer % Correct
GK Onana
96%
FW Rashford
84%
CB Maguire
82%
CM Fernandes
78%
LB Shaw
78%
CM Casemiro
75%
RB Dalot
75%
FW Garnacho
75%
CM Mainoo
69%
RB Wan-Bissaka
69%
CB Varane
67%
FW Højlund
65%
CB Lindelöf
65%
CB Evans
63%
FW Antony
59%
FW Martial
57%
CM Eriksen
55%
CM McTominay
53%
CM Amrabat
41%
CM Mount
39%
No matching quizzes found
Score Distribution
Percent of People with Each Score
Percentile by Number Answered
Your Score History
You have not taken this quiz